000 00971cab a2200265 4500
001 ABS45625
008 090401t1991 xxu||||| |||| 00| 0 eng d
035 _a(Sirsi) u54061
041 _aeng
100 _aEdwards, M.
245 _aPre-application discussions
260 _c1991
350 _a0
490 _aEstates Gazette
_v(9148) 7 December 1991, 60(1)
520 _aIn this discussion of the HL decision that local authorities cannot charge for pre-planning application advice, it is suggested that a regulation could be introduced under Local Government and Housing Act 1989 s150 to allow such a charge to be levied.
650 _aFEES
650 _aPLANNING APPLICATIONS
650 _aPLANNING AUTHORITIES
650 _aPRE-PLANNING APPLICATION INQUIRIES
650 _aR V RICHMOND UPON THAMES LBC EX P MCCARTHY AND STONE (DEVELOPMENTS) LTD
690 _aPLANNING LAW AND PRACTICE
700 _aMartin, J.
942 _n0
948 _c04/03/1997
999 _c33158
_d33158